Embedded Systems (Record no. 4843)

MARC details
000 -LEADER
fixed length control field 00590nam a22002177a 4500
003 - CONTROL NUMBER IDENTIFIER
control field OSt
005 - DATE AND TIME OF LATEST TRANSACTION
control field 20220107122805.0
008 - FIXED-LENGTH DATA ELEMENTS--GENERAL INFORMATION
fixed length control field 150923b xxu||||| |||| 00| 0 eng d
020 ## - INTERNATIONAL STANDARD BOOK NUMBER
International Standard Book Number 9788122433937
040 ## - CATALOGING SOURCE
Transcribing agency IIITMK
082 ## - DEWEY DECIMAL CLASSIFICATION NUMBER
Classification number 005.18 KOT/E
100 ## - MAIN ENTRY--PERSONAL NAME
Personal name Kothari, D P
9 (RLIN) 7857
245 ## - TITLE STATEMENT
Title Embedded Systems
Statement of responsibility, etc. by Kothari, D. P. et. al.
260 ## - PUBLICATION, DISTRIBUTION, ETC.
Place of publication, distribution, etc. New Delhi,
Name of publisher, distributor, etc. New Age International,
Date of publication, distribution, etc. 2015.
300 ## - PHYSICAL DESCRIPTION
Extent xiii, 240p.
650 ## - SUBJECT ADDED ENTRY--TOPICAL TERM
Topical term or geographic name entry element EMBEDDED SYSTEM
9 (RLIN) 7858
700 ## - ADDED ENTRY--PERSONAL NAME
Personal name Shriram, K. V.
9 (RLIN) 7859
700 ## - ADDED ENTRY--PERSONAL NAME
Personal name Sundaram, R. M. D.
9 (RLIN) 7860
700 ## - ADDED ENTRY--PERSONAL NAME
Personal name Murali, N.
9 (RLIN) 7861
942 ## - ADDED ENTRY ELEMENTS (KOHA)
Source of classification or shelving scheme Dewey Decimal Classification
Koha item type Books
Holdings
Withdrawn status Lost status Source of classification or shelving scheme Damaged status Not for loan Collection code Home library Current library Shelving location Date acquired Cost, normal purchase price Total Checkouts Full call number Barcode Date last seen Price effective from Koha item type
    Dewey Decimal Classification     Embedded Systems Kerala University of Digital Sciences, Innovation and Technology Knowledge Centre Kerala University of Digital Sciences, Innovation and Technology Knowledge Centre Computer Science 23/09/2015 188.00   005.18 KOT/E 4268 31/12/2024 23/09/2015 Books